00447 2200157 4500001002100000008004100021035002000062245009600082260002800178300001500206020001800221084001600239082001000255650001300265990001100278INLIS000000000000519 ind  a0010-0722000068 aPassword Menuju SuksesbRahasia membangun suskes individu, lembaga, dan perusahaancSumardi aJakarta :bEsensic2006 a221c24 cm a9789790155176 a158.1 SUM p a158.1 aMotivasi aDI.073